[Event "Titled Tuesday intern op 26th Sep Early"]
[Site "Chess.com INT"]
[Date "2023.09.26"]
[Round "8"]
[White "Fiorito, Francisco"]
[Black "Nakhbayeva, Guliskhan"]
[Result "1-0"]
[WhiteElo "2339"]
[BlackElo "2326"]
[PlyCount "55"]
[EventDate "2023.09.26"]
[EventType "swiss (blitz)"]
[EventRounds "11"]
[EventCountry "USA"]
[SourceTitle "EXT 2024"]
[Source "ChessBase"]
[SourceDate "2023.10.10"]
[SourceVersion "1"]
[SourceVersionDate "2023.10.10"]
[SourceQuality "1"]

1. Nf3 e6 2. b3 d5 3. Bb2 Nf6 4. e3 Be7 5. d4 0-0 6. Bd3 a6 7. 0-0 b5 8. Nbd2 c5 9. dxc5 Bxc5 10. Qe2 Bb7 11. e4 dxe4 12. Nxe4 Be7 13. Rad1 Nxe4 14. Bxe4 Qb6 15. Bd4 Qc7 16. Ne5 Bf6 17. Bxb7 Qxb7 18. Qg4 Kh8 19. h3 Bxe5 20. Bxe5 f6 21. Bxb8 Raxb8 22. Qxe6 Rbc8 23. Rd7 Qc6 24. Qg4 Rg8 25. Rd2 Qc3 26. Rfd1 Qb2 27. c4 Qc3 28. Qxc8 1-0

[Event "Titled Tuesday intern op 26th Sep Early"]
[Site "Chess.com INT"]
[Date "2023.09.26"]
[Round "6"]
[White "Nakhbayeva, Guliskhan"]
[Black "Yezhel, Valiantsin"]
[Result "1/2-1/2"]
[WhiteElo "2326"]
[BlackElo "2311"]
[PlyCount "105"]
[EventDate "2023.09.26"]
[EventType "swiss (blitz)"]
[EventRounds "11"]
[EventCountry "USA"]
[SourceTitle "EXT 2024"]
[Source "ChessBase"]
[SourceDate "2023.10.10"]
[SourceVersion "1"]
[SourceVersionDate "2023.10.10"]
[SourceQuality "1"]

1. d4 f5 2. c4 Nf6 3. g3 g6 4. Bg2 Bg7 5. Nh3 d6 6. 0-0 0-0 7. Nc3 e5 8. dxe5 dxe5 9. Qxd8 Rxd8 10. e4 c6 11. Bg5 h6 12. Bxf6 Bxf6 13. Rfd1 Re8 14. Re1 Na6 15. Rad1 Be6 16. b3 Rad8 17. f3 Nc5 18. Nf2 a5 19. Rxd8 Rxd8 20. Rd1 Rxd1+ 21. Ncxd1 a4 22. b4 Na6 23. b5 Nb4 24. bxc6 bxc6 25. a3 Nc2 26. Nc3 Nxa3 27. Nxa4 Nxc4 28. Nc5 Bf7 29. f4 exf4 30. gxf4 fxe4 31. Nfxe4 Bd4+ 32. Kh1 Kg7 33. Bh3 Bxc5 34. Nxc5 Bd5+ 35. Kg1 Kf6 36. Kf2 Nd6 37. Nd7+ Kg7 38. Ke3 Nf5+ 39. Bxf5 gxf5 40. Ne5 Kf6 41. Kd4 Ke6 42. Kc5 Be4 43. h4 Kf6 44. Kd6 Bg2 45. Kc5 Bh1 46. Kd6 Bg2 47. Kc5 Ke6 48. Nxc6 Be4 49. Ne5 Bg2 50. Kd4 Be4 51. Kc5 Bg2 52. Kd4 Be4 53. Kc5 1/2-1/2

[Event "Titled Tuesday intern op 12th Sep Early"]
[Site "Chess.com INT"]
[Date "2023.09.12"]
[Round "1"]
[White "Nakhbayeva, Guliskhan"]
[Black "Aghasiyev, Kamal"]
[Result "0-1"]
[WhiteElo "2326"]
[BlackElo "2441"]
[PlyCount "56"]
[EventDate "2023.09.12"]
[EventType "swiss (blitz)"]
[EventRounds "11"]
[EventCountry "USA"]
[SourceTitle "EXT 2024"]
[Source "ChessBase"]
[SourceDate "2023.10.10"]
[SourceVersion "1"]
[SourceVersionDate "2023.10.10"]
[SourceQuality "1"]

1. d4 d5 2. Nf3 Nf6 3. Nbd2 e6 4. c4 Be7 5. g3 0-0 6. Bg2 c6 7. 0-0 b6 8. Qc2 Bb7 9. e4 Na6 10. e5 Nd7 11. h4 h6 12. b3 Rc8 13. Bb2 c5 14. Rac1 dxc4 15. Qxc4 Nb4 16. dxc5 Bxc5 17. Qe2 Nxa2 18. Ra1 Nb4 19. Rxa7 Bd5 20. Rc1 Ra8 21. Rxa8 Qxa8 22. Ne1 Bxg2 23. Nxg2 Qa2 24. Bc3 Nd5 25. Qc4 Nxc3 26. Qxc3 Nxe5 27. Ne3 Qxd2 28. Qxd2 Nf3+ 0-1

[Event "Titled Tuesday intern op 12th Sep Early"]
[Site "Chess.com INT"]
[Date "2023.09.12"]
[Round "2"]
[White "Nakhbayeva, Guliskhan"]
[Black "Khademalsharieh, Sarasadat"]
[Result "1/2-1/2"]
[WhiteElo "2326"]
[BlackElo "2476"]
[PlyCount "106"]
[EventDate "2023.09.12"]
[EventType "swiss (blitz)"]
[EventRounds "11"]
[EventCountry "USA"]
[SourceTitle "EXT 2024"]
[Source "ChessBase"]
[SourceDate "2023.10.10"]
[SourceVersion "1"]
[SourceVersionDate "2023.10.10"]
[SourceQuality "1"]

1. d4 Nf6 2. Nf3 e6 3. c4 b6 4. Bf4 Bb4+ 5. Nbd2 Bb7 6. e3 a5 7. h3 0-0 8. Be2 Ne4 9. 0-0 Nxd2 10. Nxd2 f5 11. Bf3 Bxf3 12. Nxf3 Be7 13. d5 Na6 14. dxe6 dxe6 15. Qxd8 Raxd8 16. Rfd1 Bd6 17. Bxd6 cxd6 18. Nd4 Nc5 19. b3 Kf7 20. Nb5 Ke7 21. Rab1 f4 22. exf4 Rxf4 23. a3 Rd7 24. f3 h5 25. b4 axb4 26. axb4 Nb7 27. Rd4 Rxd4 28. Nxd4 Rc7 29. Re1 e5 30. Nf5+ Ke6 31. Ne3 Nd8 32. Ra1 Nc6 33. Ra4 Nd4 34. Ra6 b5 35. c5 Rc6 36. Rxc6 Nxc6 37. cxd6 Nxb4 38. Nf5 g6 39. Ne7 Kxd6 40. Nxg6 Nc2 41. Kf2 b4 42. Ke2 b3 43. Kd2 Kc5 44. Kc3 Ne1 45. Nh4 e4 46. fxe4 Kd6 47. Kxb3 Ke5 48. g4 hxg4 49. hxg4 Kxe4 50. g5 Ke5 51. Kc3 Ng2 52. Nxg2 Kf5 53. Ne3+ Kxg5 1/2-1/2

[Event "Titled Tuesday intern op 12th Sep Early"]
[Site "Chess.com INT"]
[Date "2023.09.12"]
[Round "7"]
[White "Nakhbayeva, Guliskhan"]
[Black "Slate, Kent"]
[Result "1-0"]
[WhiteElo "2326"]
[BlackElo "1964"]
[PlyCount "137"]
[EventDate "2023.09.12"]
[EventType "swiss (blitz)"]
[EventRounds "11"]
[EventCountry "USA"]
[SourceTitle "EXT 2024"]
[Source "ChessBase"]
[SourceDate "2023.10.10"]
[SourceVersion "1"]
[SourceVersionDate "2023.10.10"]
[SourceQuality "1"]

1. d4 Nf6 2. Nf3 d6 3. Nbd2 Bf5 4. e3 g6 5. Bd3 Bxd3 6. cxd3 Bg7 7. 0-0 0-0 8. b3 Nc6 9. Ba3 Re8 10. Rc1 e5 11. Bb2 Qd7 12. Nc4 exd4 13. Nxd4 Ne5 14. Nxe5 dxe5 15. Nf3 Nd5 16. a3 Rad8 17. Qc2 c6 18. Rfd1 Qc7 19. b4 Qb6 20. Qc5 Qa6 21. Qc4 Qa4 22. Qc2 Nb6 23. h3 Rd5 24. Qxa4 Nxa4 25. Ba1 Red8 26. d4 exd4 27. Bxd4 f6 28. Re1 Kf7 29. Kf1 Nb6 30. Ke2 f5 31. Bxg7 Kxg7 32. Nd4 Kf6 33. Red1 Re8 34. Kf3 Rde5 35. Nb3 g5 36. Nc5 R8e7 37. Rd6+ Kf7 38. a4 Nd5 39. b5 cxb5 40. axb5 Nc7 41. b6 Nb5 42. Rd7 Rxd7 43. Nxd7 axb6 44. Nxe5+ Ke6 45. Nd3 Nd6 46. Rb1 b5 47. Ke2 Kd5 48. Nb4+ Kc4 49. f3 Nf7 50. Nc2 Ne5 51. Nd4 b4 52. Rc1+ Kd5 53. Rb1 Kc4 54. Rc1+ Kd5 55. Rd1 Kc4 56. Nxf5 b3 57. Nd4 Kc3 58. Rc1+ Kb2 59. Rc7 b5 60. Nxb5 Ka1 61. Nd4 b2 62. Ra7+ Kb1 63. Rb7 Nc4 64. Kd3 Na3 65. Ne2 Ka2 66. Nc3+ Ka1 67. e4 h5 68. e5 g4 69. e6 1-0

[Event "Titled Tuesday intern op 05th Sep Early"]
[Site "Chess.com INT"]
[Date "2023.09.05"]
[Round "7"]
[White "Koepke, Christian"]
[Black "Nakhbayeva, Guliskhan"]
[Result "1-0"]
[WhiteElo "2317"]
[BlackElo "2326"]
[PlyCount "159"]
[EventDate "2023.09.05"]
[EventType "swiss (blitz)"]
[EventRounds "11"]
[EventCountry "USA"]
[SourceTitle "EXT 2024"]
[Source "ChessBase"]
[SourceDate "2023.10.10"]
[SourceVersion "1"]
[SourceVersionDate "2023.10.10"]
[SourceQuality "1"]

1. d4 e6 2. Bf4 d5 3. e3 Bd6 4. Nd2 Bxf4 5. exf4 Nf6 6. c3 0-0 7. Bd3 c5 8. dxc5 Qc7 9. g3 Qxc5 10. Ngf3 b6 11. Qe2 Bb7 12. 0-0 Nbd7 13. Nb3 Qc7 14. Nbd4 Rac8 15. Rad1 Ne4 16. Ne5 Nxe5 17. fxe5 g6 18. Qe3 a6 19. h4 h5 20. Qf4 Qe7 21. Nf3 f6 22. Qh6 Qg7 23. Qxg7+ Kxg7 24. Bxe4 dxe4 25. Rd7+ Rf7 26. exf6+ Kxf6 27. Rxf7+ Kxf7 28. Ng5+ Kf6 29. Rd1 Ke7 30. Rd4 e5 31. Rd2 Rc7 32. Kf1 Rd7 33. Rxd7+ Kxd7 34. Ke2 Kd6 35. Ke3 Bd5 36. Nxe4+ Kc6 37. b3 b5 38. Kd3 a5 39. c4 bxc4+ 40. bxc4 Be6 41. a3 Bf5 42. f3 Kb6 43. Kc3 Kc6 44. Kb3 Kb7 45. Nd6+ Kb6 46. Nxf5 gxf5 47. Kc3 Kc5 48. Kd3 a4 49. Kc3 e4 50. f4 Kc6 51. Kd4 Kd6 52. c5+ Kc6 53. Kc4 e3 54. Kd3 Kxc5 55. Kxe3 Kc4 56. Kd2 Kb3 57. g4 fxg4 58. f5 g3 59. Ke3 g2 60. Kf2 Kxa3 61. f6 Kb3 62. f7 a3 63. f8Q a2 64. Qb8+ Kc2 65. Qc7+ Kb2 66. Qb6+ Kc2 67. Qc5+ Kb2 68. Qb4+ Kc2 69. Qa3 Kb1 70. Qb3+ Ka1 71. Qd1+ Kb2 72. Qxh5 a1Q 73. Qe5+ Ka2 74. Qxa1+ Kxa1 75. h5 Kb2 76. h6 Kc3 77. h7 Kd4 78. h8Q+ Ke4 79. Kxg2 Kf4 80. Qh4+ 1-0

[Event "Titled Tuesday intern op 05th Sep Early"]
[Site "Chess.com INT"]
[Date "2023.09.05"]
[Round "1"]
[White "Ozates, Tuna"]
[Black "Nakhbayeva, Guliskhan"]
[Result "1-0"]
[WhiteElo "2309"]
[BlackElo "2326"]
[PlyCount "89"]
[EventDate "2023.09.05"]
[EventType "swiss (blitz)"]
[EventRounds "11"]
[EventCountry "USA"]
[SourceTitle "EXT 2024"]
[Source "ChessBase"]
[SourceDate "2023.10.10"]
[SourceVersion "1"]
[SourceVersionDate "2023.10.10"]
[SourceQuality "1"]

1. e4 e6 2. d4 d5 3. Nd2 dxe4 4. Nxe4 Nd7 5. g3 Ngf6 6. Nxf6+ Nxf6 7. Bg2 e5 8. Ne2 exd4 9. Nxd4 Be7 10. 0-0 Kf8 11. h3 c6 12. Be3 Nd5 13. c4 Nxe3 14. fxe3 Bf6 15. c5 Qe7 16. Kh2 g6 17. Qf3 Be5 18. b4 Kg7 19. Rad1 h5 20. Qe4 Re8 21. Qf3 h4 22. Ne2 hxg3+ 23. Nxg3 Bxg3+ 24. Qxg3 Qxe3 25. Qxe3 Rxe3 26. Rd8 Re2 27. Rfd1 Rxa2 28. h4 Bg4 29. Rxa8 Bxd1 30. Kg3 Ra4 31. b5 Rc4 32. Rxa7 Rxc5 33. b6 Rc3+ 34. Kf2 Rc2+ 35. Kg1 Rb2 36. Rxb7 Ba4 37. Ra7 Rb1+ 38. Kh2 Bd1 39. b7 Rb2 40. Kg1 Rb1 41. Kf2 Rb2+ 42. Kg3 Rb3+ 43. Kf4 Rb4+ 44. Ke3 Rb3+ 45. Kd4 1-0

[Event "Titled Tuesday intern op 05th Sep Early"]
[Site "Chess.com INT"]
[Date "2023.09.05"]
[Round "4"]
[White "Zenin, Dmitri"]
[Black "Nakhbayeva, Guliskhan"]
[Result "1-0"]
[WhiteElo "2163"]
[BlackElo "2326"]
[PlyCount "61"]
[EventDate "2023.09.05"]
[EventType "swiss (blitz)"]
[EventRounds "11"]
[EventCountry "USA"]
[SourceTitle "EXT 2024"]
[Source "ChessBase"]
[SourceDate "2023.10.10"]
[SourceVersion "1"]
[SourceVersionDate "2023.10.10"]
[SourceQuality "1"]

1. d4 d5 2. c4 e6 3. Nc3 h6 4. e4 dxe4 5. Nxe4 Bb4+ 6. Nc3 Nf6 7. Nf3 0-0 8. Bd3 c5 9. 0-0 Nc6 10. dxc5 Bxc5 11. a3 a5 12. h3 b6 13. Na4 Ba6 14. Nxc5 bxc5 15. Be3 Qb6 16. Rb1 Rfd8 17. Qc2 Rac8 18. Rfc1 e5 19. Bf1 Nd4 20. Bxd4 exd4 21. Bd3 Bb7 22. Ne5 Re8 23. Re1 Qd6 24. f4 Nd7 25. Bh7+ Kf8 26. Bf5 Bc6 27. Bxd7 Bxd7 28. Qh7 Re6 29. Qh8+ Ke7 30. Qxg7 Kd8 31. Nxf7+ 1-0

[Event "Titled Tuesday intern op 04th Jul Early"]
[Site "Chess.com INT"]
[Date "2023.07.04"]
[Round "1"]
[White "Nakhbayeva, Guliskhan"]
[Black "Goncharov, Vladimir"]
[Result "0-1"]
[WhiteElo "2326"]
[BlackElo "2077"]
[PlyCount "66"]
[EventDate "2023.07.04"]
[EventType "swiss (blitz)"]
[EventRounds "11"]
[EventCountry "USA"]
[SourceTitle "EXT 2024"]
[Source "ChessBase"]
[SourceDate "2023.10.10"]
[SourceVersion "1"]
[SourceVersionDate "2023.10.10"]
[SourceQuality "1"]

1. d4 Nf6 2. Nf3 c5 3. d5 e6 4. c4 exd5 5. cxd5 d6 6. Nc3 g6 7. e4 Bg7 8. h3 0-0 9. Bd3 b5 10. Nxb5 Re8 11. Nc3 Nxe4 12. Nxe4 f5 13. Nfd2 fxe4 14. Nxe4 Bf5 15. Qc2 Bxe4 16. Bxe4 Qh4 17. 0-0 Qxe4 18. Qb3 Nd7 19. Qb7 Nb6 20. Be3 Qxd5 21. Qc7 Nc4 22. Rad1 Qf7 23. Qc6 Rac8 24. Qa6 Be5 25. Bc1 Nb6 26. b3 d5 27. a4 Bd4 28. a5 Na8 29. Qd3 Qf5 30. b4 Qxd3 31. Rxd3 Nc7 32. bxc5 Bxc5 33. Bb2 Re2 0-1

[Event "Titled Tuesday intern op 04th Jul Early"]
[Site "Chess.com INT"]
[Date "2023.07.04"]
[Round "9"]
[White "Seletsky, Grigory"]
[Black "Nakhbayeva, Guliskhan"]
[Result "1-0"]
[WhiteElo "2224"]
[BlackElo "2326"]
[PlyCount "61"]
[EventDate "2023.07.04"]
[EventType "swiss (blitz)"]
[EventRounds "11"]
[EventCountry "USA"]
[SourceTitle "EXT 2024"]
[Source "ChessBase"]
[SourceDate "2023.10.10"]
[SourceVersion "1"]
[SourceVersionDate "2023.10.10"]
[SourceQuality "1"]

1. e4 e6 2. d4 d5 3. Nd2 dxe4 4. Nxe4 Nd7 5. Nf3 Ngf6 6. Bd3 Be7 7. Qe2 0-0 8. Bg5 b6 9. Nxf6+ Nxf6 10. Bxf6 Bxf6 11. Qe4 g6 12. Qxa8 Qd6 13. c3 Ba6 14. Qe4 Bc8 15. 0-0 Bg7 16. Rad1 h5 17. Rfe1 Bd7 18. Ne5 Bc8 19. h4 a5 20. g3 c6 21. Qf4 Bb7 22. Nxg6 e5 23. Nxe5 c5 24. Qf5 Qh6 25. Be4 Bc8 26. Qg5 Qd6 27. Qxh5 f5 28. Bc2 cxd4 29. Rxd4 Qf6 30. Bb3+ Be6 31. Rd6 1-0

[Event "Wch Blitz (Women)"]
[Site "Almaty"]
[Date "2022.12.30"]
[Round "17"]
[White "Nakhbayeva, Guliskhan"]
[Black "Petrova, Irina"]
[Result "1/2-1/2"]
[WhiteElo "2226"]
[BlackElo "2023"]
[PlyCount "61"]
[EventDate "2022.12.29"]
[EventType "swiss (blitz)"]
[EventRounds "17"]
[EventCountry "KAZ"]
[SourceTitle "CBM 211 Extra"]
[Source "ChessBase"]
[SourceDate "2023.01.31"]
[SourceVersion "1"]
[SourceVersionDate "2023.01.31"]
[SourceQuality "1"]

1. d4 d6 2. c4 e5 3. d5 Be7 4. Nc3 a5 5. e4 Na6 6. Bd3 Nc5 7. Bc2 Bg5 8. Nge2 Bxc1 9. Rxc1 Nf6 10. 0-0 0-0 11. a3 Nh5 12. b4 axb4 13. axb4 Na6 14. Rb1 Qg5 15. Kh1 Nb8 16. Nb5 Na6 17. Rb3 Bd7 18. Nbc3 Kh8 19. f3 f5 20. exf5 Bxf5 21. Bxf5 Qxf5 22. Ne4 Qg6 23. c5 Rf7 24. Re1 Raf8 25. Qc1 Nf4 26. Nxf4 Rxf4 27. c6 b6 28. Qa1 Nb8 29. b5 Qf7 30. h3 Qxd5 31. Qa3 1/2-1/2

[Event "Wch Blitz (Women)"]
[Site "Almaty"]
[Date "2022.12.29"]
[Round "3"]
[White "Nakhbayeva, Guliskhan"]
[Black "Kim, Kristina"]
[Result "1-0"]
[WhiteElo "2226"]
[BlackElo "1869"]
[PlyCount "162"]
[EventDate "2022.12.29"]
[EventType "swiss (blitz)"]
[EventRounds "17"]
[EventCountry "KAZ"]
[SourceTitle "CBM 211 Extra"]
[Source "ChessBase"]
[SourceDate "2023.01.31"]
[SourceVersion "1"]
[SourceVersionDate "2023.01.31"]
[SourceQuality "1"]

1. d4 f5 2. c4 Nf6 3. Nc3 g6 4. e3 Bg7 5. Bd3 d6 6. Nge2 e5 7. f3 0-0 8. Qc2 Nc6 9. Bd2 Nb4 10. Qb1 Nxd3+ 11. Qxd3 c6 12. 0-0 Be6 13. b3 Bf7 14. Rad1 Qc7 15. Be1 Rfe8 16. Kh1 Nh5 17. Bh4 f4 18. exf4 exf4 19. Bg5 d5 20. cxd5 cxd5 21. Qd2 h6 22. Bxf4 Nxf4 23. Qxf4 Qxf4 24. Nxf4 Rad8 25. Kg1 g5 26. Nfe2 Re3 27. Kf2 Rde8 28. Rd2 a6 29. Rc1 h5 30. Nd1 R3e7 31. Ng3 Bg6 32. Rc3 h4 33. Ne2 Rxe2+ 34. Rxe2 Bxd4+ 35. Ke1 Bxc3+ 36. Nxc3 Rd8 37. Re5 d4 38. Nd5 Bf7 39. Rxg5+ Kf8 40. Nf4 d3 41. Kd2 Ke7 42. Rg4 Kf6 43. Rxh4 Kf5 44. g3 Kf6 45. Rh6+ Kg7 46. Rh4 Bg8 47. Rg4+ Kf6 48. Rg6+ Kf7 49. Rg5 Bh7 50. Rc5 Re8 51. Rc7+ Kg8 52. Rxb7 Rc8 53. Nxd3 Rd8 54. Rxh7 Kxh7 55. f4 Kg6 56. Ke3 Kf5 57. h3 Rh8 58. h4 Kg4 59. Kf2 Rc8 60. Kg2 Rc2+ 61. Nf2+ Kf5 62. a4 Rb2 63. h5 Rxb3 64. Kh3 Ra3 65. Kh4 Ra2 66. Nh3 Rxa4 67. g4+ Kf6 68. g5+ Kf5 69. g6 Kf6 70. Kg4 Ra2 71. Kf3 Ra3+ 72. Kg4 Ra2 73. Kh4 Rh2 74. Kg3 Rh1 75. Kg4 Rh2 76. f5 Rg2+ 77. Kf3 Ra2 78. Nf4 Kxf5 79. g7 Ra3+ 80. Kf2 Ra2+ 81. Ke3 Ra3+ 1-0

[Event "Wch Blitz (Women)"]
[Site "Almaty"]
[Date "2022.12.29"]
[Round "4"]
[White "Padmini, Rout"]
[Black "Nakhbayeva, Guliskhan"]
[Result "0-1"]
[WhiteElo "2298"]
[BlackElo "2226"]
[PlyCount "94"]
[EventDate "2022.12.29"]
[EventType "swiss (blitz)"]
[EventRounds "17"]
[EventCountry "KAZ"]
[SourceTitle "CBM 211 Extra"]
[Source "ChessBase"]
[SourceDate "2023.01.31"]
[SourceVersion "1"]
[SourceVersionDate "2023.01.31"]
[SourceQuality "1"]

1. e4 e6 2. d4 d5 3. Nd2 Nf6 4. e5 Nfd7 5. Bd3 c5 6. c3 Nc6 7. Ne2 cxd4 8. cxd4 f6 9. exf6 Qxf6 10. Nf3 h6 11. 0-0 Bd6 12. Be3 0-0 13. Ng3 Rf7 14. Rc1 Nf8 15. a3 e5 16. dxe5 Nxe5 17. Nxe5 Bxe5 18. b4 Be6 19. f4 Bb2 20. Rb1 Rc8 21. Kh1 Qc3 22. Ne2 Qxa3 23. Bd4 Bxd4 24. Nxd4 Bd7 25. Rb3 Qa4 26. Qb1 a6 27. Bc2 Be8 28. b5 Qxd4 29. bxa6 bxa6 30. f5 a5 31. h3 Qc5 32. Bd3 a4 33. Rb7 Rxb7 34. Qxb7 Bf7 35. f6 g5 36. Bf5 Rc7 37. Qb8 Qc4 38. Re1 a3 39. Qa8 a2 40. Ra1 d4 41. Kh2 Qd5 42. Qb8 Qe5+ 43. Kg1 Qe3+ 44. Kh2 Qf4+ 45. Kh1 Rc1+ 46. Rxc1 Qxc1+ 47. Kh2 Qf4+ 0-1

[Event "Olympiad Women-44"]
[Site "Chennai"]
[Date "2022.08.07"]
[Round "9.4"]
[White "Nakhbayeva, Guliskhan"]
[Black "Radeva, Viktoria"]
[Result "1-0"]
[WhiteElo "2329"]
[BlackElo "2289"]
[PlyCount "143"]
[EventDate "2022.07.29"]
[EventType "team-swiss"]
[EventRounds "11"]
[EventCountry "IND"]
[SourceTitle "CBM 210"]
[Source "ChessBase"]
[SourceDate "2022.10.31"]
[SourceVersion "1"]
[SourceVersionDate "2022.10.31"]
[SourceQuality "1"]
[WhiteTeam "Kazakhstan (W)"]
[BlackTeam "Bulgaria (W)"]
[WhiteTeamCountry "KAZ"]
[BlackTeamCountry "BUL"]

1. d4 Nf6 2. c4 e6 3. Nc3 Bb4 4. e3 0-0 5. Bd3 c5 6. a3 Bxc3+ 7. bxc3 Nc6 8. Ne2 b6 9. 0-0 d6 10. e4 e5 11. d5 Ne7 12. f4 exf4 13. Bxf4 Ng4 14. h3 Ne5 15. Bxe5 dxe5 16. a4 a5 17. Ng3 Qd6 18. Ra2 Bd7 19. Raf2 f6 20. Be2 Rad8 21. Bg4 Bxg4 22. Qxg4 Qd7 23. Qd1 Nc8 24. Qb3 Qc7 25. Rb2 Qd7 26. Qa2 g6 27. Rbf2 Kg7 28. Qb3 h5 29. Re1 Rf7 30. Nf1 Qa7 31. Rb2 Qd7 32. Qd1 Rdf8 33. Nd2 Qc7 34. Qb1 Qd7 35. Qc2 Qc7 36. Reb1 Rd8 37. Nf3 Qd7 38. Re1 Qc7 39. Qb3 Qd7 40. Rf2 Rdf8 41. Nh4 Kh7 42. Rf3 Qd8 43. Rf2 Nd6 44. Nf3 Kg7 45. Rb2 Qd7 46. Nd2 Nc8 47. Qb5 Qd8 48. Rf1 g5 49. Qb3 Qd7 50. Qb5 Qd8 51. Re1 Rh8 52. Nf1 g4 53. Ne3 gxh3 54. gxh3 Kh7 55. Kh2 Rg8 56. Qc6 Qf8 57. Qe6 Kh8 58. Nf5 Ne7 59. Rxb6 Nxf5 60. Qxf5 Qh6 61. Rb2 Rb7 62. Ree2 Rbg7 63. Rf2 Qe3 64. Qxh5+ Rh7 65. Qf3 Qe1 66. Qxf6+ Rhg7 67. Rg2 Qxe4 68. Rxg7 Rxg7 69. Qh6+ Qh7 70. Rb8+ Rg8 71. Rxg8+ Kxg8 72. Qxh7+ 1-0

[Event "Olympiad Women-44"]
[Site "Chennai"]
[Date "2022.08.05"]
[Round "7.3"]
[White "Nakhbayeva, Guliskhan"]
[Black "Nguyen, Thi Mai Hung"]
[Result "1/2-1/2"]
[WhiteElo "2329"]
[BlackElo "2223"]
[PlyCount "113"]
[EventDate "2022.07.29"]
[EventType "team-swiss"]
[EventRounds "11"]
[EventCountry "IND"]
[SourceTitle "CBM 210"]
[Source "ChessBase"]
[SourceDate "2022.10.31"]
[SourceVersion "1"]
[SourceVersionDate "2022.10.31"]
[SourceQuality "1"]
[WhiteTeam "Kazakhstan (W)"]
[BlackTeam "Vietnam (W)"]
[WhiteTeamCountry "KAZ"]
[BlackTeamCountry "VIE"]

1. d4 d5 2. c4 c6 3. Nc3 Nf6 4. e3 Bf5 5. cxd5 cxd5 6. Qb3 Bc8 7. Nf3 e6 8. Bb5+ Nc6 9. 0-0 Be7 10. Bd2 0-0 11. Rfc1 Na5 12. Qc2 a6 13. Bd3 h6 14. Na4 b5 15. Nc5 Nc4 16. Be1 Qb6 17. a4 Bb7 18. b3 Nd6 19. Ne5 Rfc8 20. f3 Qd8 21. axb5 Nxb5 22. Bxb5 Bxc5 23. dxc5 axb5 24. Rxa8 Bxa8 25. Bh4 g5 26. Bf2 Nd7 27. Nxd7 Qxd7 28. Qc3 Qe7 29. Bg3 f6 30. Bd6 Qf7 31. Ra1 Bc6 32. h3 Ra8 33. Rxa8+ Bxa8 34. Qa5 Bc6 35. Qd8+ Kg7 36. Kf2 Qe8 37. Qc7+ Qd7 38. Qb8 Qe8 39. Qb6 Qd7 40. Ke2 h5 41. Kd2 e5 42. Kc3 Kf7 43. Kb4 d4 44. exd4 exd4 45. Qa6 Qe8 46. Qa7+ Kg6 47. Qe7 Qxe7 48. Bxe7 f5 49. h4 g4 50. fxg4 hxg4 51. Bd6 Bxg2 52. Kxb5 Bd5 53. Kb4 Kh5 54. Bg3 f4 55. Bxf4 Kxh4 56. c6 Bxc6 57. Kc4 1/2-1/2

[Event "Olympiad Women-44"]
[Site "Chennai"]
[Date "2022.08.03"]
[Round "6.4"]
[White "Nakhbayeva, Guliskhan"]
[Black "Fataliyeva, Ulviyya Hasil Qizi"]
[Result "0-1"]
[WhiteElo "2329"]
[BlackElo "2372"]
[PlyCount "74"]
[EventDate "2022.07.29"]
[EventType "team-swiss"]
[EventRounds "11"]
[EventCountry "IND"]
[SourceTitle "CBM 210"]
[Source "ChessBase"]
[SourceDate "2022.10.31"]
[SourceVersion "1"]
[SourceVersionDate "2022.10.31"]
[SourceQuality "1"]
[WhiteTeam "Kazakhstan (W)"]
[BlackTeam "Azerbaijan (W)"]
[WhiteTeamCountry "KAZ"]
[BlackTeamCountry "AZE"]

1. d4 d5 2. c4 e6 3. Nc3 a6 4. cxd5 exd5 5. Qb3 Nf6 6. Bg5 c5 7. Bxf6 gxf6 8. Nf3 Nc6 9. e3 Be6 10. Be2 Bd6 11. 0-0 0-0 12. dxc5 Bxc5 13. Rad1 Ne7 14. e4 d4 15. Bc4 Bg4 16. Nd5 Nc6 17. Rc1 Rc8 18. Nd2 Ne5 19. Qg3 Kh8 20. Qh4 Rc6 21. b4 Be7 22. Nxe7 Qxe7 23. Bd5 Rxc1 24. Rxc1 Rg8 25. Kh1 Nd3 26. Rc4 b5 27. Rc6 Rg6 28. h3 Kg7 29. Kg1 Bd7 30. Rxa6 Qxb4 31. Nf3 Qb1+ 32. Kh2 Qf1 33. g4 Nxf2 34. e5 fxe5 35. Qe7 Qxh3+ 36. Kg1 Rxg4+ 37. Kxf2 Rg2+ 0-1

[Event "Olympiad Women-44"]
[Site "Chennai"]
[Date "2022.08.01"]
[Round "4.3"]
[White "Munkhzul, Turmunkh"]
[Black "Nakhbayeva, Guliskhan"]
[Result "1/2-1/2"]
[WhiteElo "2277"]
[BlackElo "2329"]
[PlyCount "165"]
[EventDate "2022.07.29"]
[EventType "team-swiss"]
[EventRounds "11"]
[EventCountry "IND"]
[SourceTitle "CBM 210"]
[Source "ChessBase"]
[SourceDate "2022.10.31"]
[SourceVersion "1"]
[SourceVersionDate "2022.10.31"]
[SourceQuality "1"]
[WhiteTeam "Mongolia (W)"]
[BlackTeam "Kazakhstan (W)"]
[WhiteTeamCountry "MGL"]
[BlackTeamCountry "KAZ"]

1. e4 e6 2. d4 d5 3. Nc3 Nf6 4. Bg5 Be7 5. e5 Nfd7 6. Bxe7 Qxe7 7. f4 a6 8. Nf3 c5 9. Qd2 Nc6 10. dxc5 Nxc5 11. Bd3 b5 12. 0-0 b4 13. Ne2 0-0 14. Qe3 h6 15. Ned4 Nxd4 16. Nxd4 Nxd3 17. cxd3 Bd7 18. Rac1 Rfc8 19. Nb3 Bb5 20. Qd4 f6 21. Qe3 fxe5 22. fxe5 d4 23. Qh3 Kh8 24. Kh1 Bc6 25. Nxd4 Bd5 26. Qg4 a5 27. Nf3 Bxa2 28. Ra1 Bd5 29. Rf2 Kg8 30. Raf1 Rf8 31. h3 a4 32. Rc1 a3 33. bxa3 bxa3 34. Rfc2 a2 35. Ra1 Rfc8 36. Rd2 Qa3 37. Rdd1 Rc2 38. Rg1 Rac8 39. Nd4 Rxg2 40. Rxg2 Rc1+ 41. Kh2 Bxg2 42. Qxe6+ Kh7 43. Rxa2 Qf8 44. Qf5+ Qxf5 45. Nxf5 Bd5 46. Ra5 Rh1+ 47. Kg3 Be6 48. Nd4 Rxh3+ 49. Kf2 Bg4 50. e6 Kg6 51. e7 Bd7 52. Ra8 Kf7 53. Nf5 Rf3+ 54. Kxf3 Bc6+ 55. Kf4 Bxa8 56. Nxg7 Kxe7 57. Nf5+ Ke6 58. Nxh6 Bd5 59. Ng4 Bb3 60. Ke3 Bc2 61. d4 Kd5 62. Nf6+ Ke6 63. Nh5 Kd6 64. Nf4 Bb3 65. Kd2 Bf7 66. Kc3 Bg8 67. Ng6 Bd5 68. Ne5 Be6 69. Nf3 Bd5 70. Ng5 Kc6 71. Kd3 Kd6 72. Ke3 Kc6 73. Kf4 Kd6 74. Ne4+ Bxe4 75. Kxe4 Ke6 76. d5+ Kd6 77. Kd4 Kd7 78. Ke5 Ke7 79. d6+ Kd7 80. Kd5 Kd8 81. Kc6 Kc8 82. d7+ Kd8 83. Kd6 1/2-1/2

[Event "Titled Tuesday intern op 07th Sept"]
[Site "Chess.com INT"]
[Date "2021.09.07"]
[Round "4"]
[White "Martin Carmona, Gaston Manuel"]
[Black "Nakhbayeva, Guliskhan"]
[Result "1-0"]
[WhiteElo "2326"]
[BlackElo "2333"]
[PlyCount "71"]
[EventDate "2021.09.07"]
[EventType "swiss (blitz)"]
[EventRounds "11"]
[EventCountry "USA"]
[SourceTitle "EXT 2022"]
[Source "ChessBase"]
[SourceDate "2021.10.06"]
[SourceVersion "1"]
[SourceVersionDate "2021.10.06"]
[SourceQuality "1"]

1. c4 e5 2. g3 Nf6 3. Bg2 c6 4. d4 e4 5. Nc3 Bb4 6. d5 0-0 7. Nh3 Qa5 8. 0-0 Bxc3 9. bxc3 Qxc3 10. Bg5 cxd5 11. Rc1 Qe5 12. cxd5 d6 13. Bxf6 Qxf6 14. Nf4 Bf5 15. Rc7 Na6 16. Rxb7 Rfc8 17. e3 Nc5 18. Rb4 a5 19. Rb6 Qe5 20. Qb1 a4 21. Qb4 h6 22. Rb1 Nd3 23. Nxd3 exd3 24. Qxd6 Qxd6 25. Rxd6 d2 26. Rd1 Rc1 27. Bf3 Rac8 28. Rc6 Rxd1+ 29. Bxd1 Rd8 30. Bf3 Rxd5 31. e4 Bxe4 32. Bd1 g6 33. Rc8+ Kg7 34. Rc3 Bf5 35. Re3 Rc5 36. Re2 1-0